Psycholinguistic studies in language processing

Saved in:
Bibliografiske detaljer
Main Authors: Rickheit, Gert (Author), Bock, Michael (Author)
Format: Bog
Sprog:engelsk
Udgivet: Nueva York Walter de Gruyter 1983
Udgivelse:1a. ed
Serier:Research in Text Theory
Fag:
Tags: Tilføj Tag
Ingen Tags, Vær først til at tagge denne postø!

MARC

LEADER 00000nam a2200000 a 4500
001 UCJ2960
003 CL-VaPUC
008 070119e19830000US |||||||||||||||||eng|d
020 |a 3110089947 
082 0 4 |a 401.9  |b RIC  |2 21 
100 0 |a Rickheit, Gert  |e author  |9 504037 
700 0 |a Bock, Michael  |e author  |9 504038 
245 1 0 |a Psycholinguistic studies in language processing 
250 |a 1a. ed 
300 |a 298 p 
942 |c BK 
945 |d 20070119 00:00:00  |a lvergara 
260 |a Nueva York  |b Walter de Gruyter  |c 1983 
500 |a Donación de la Dra. Marianne Peronard Thierry 
650 0 |a Psicolingüística   |9 283371 
650 0 |a Semántica  |9 265318 
650 0 |a Análisis del discurso  |9 256696 
650 0 |a Comprensión de lectura  |9 307588 
583 |a last modification  |c 20070119 00:00:00  |k Rodrigo Vera 
490 0 |a Research in Text Theory 
999 |c 319086  |d 319084 
952 |0 0  |1 0  |4 0  |6 401_900000000000000_RIC_1983  |7 0  |8 A  |9 397324  |a FDOPOS  |b FDOPOS  |d 2019-11-22  |h v.7  |i 4312155  |o 401.9 RIC 1983  |p 4312155  |r 2025-01-22  |w 2019-11-22  |y BK  |k MLA